000 00502nam a2200181Ia 4500
003 GCL
008 140319s9999 xx 000 0 ara d
040 _aGCL /
_cGCL
082 0 4 _a813.03
_bم و
100 1 _aمحمد بغدادى
245 1 0 _aوقائع مصرية (قصص قصيرة) /
_cمحمد بغدادى
300 _a71 ص
490 _aكتاب
_v0
650 0 4 _aالادب العربى
650 0 4 _aالقصص العربية
650 0 4 _aالقصص القصيرة
942 _2ddc
_cBK
999 _c42904
_d42904